000
00302nam a2200109Ia 4500
008
231017s9999 xx 000 0 und d
245
0
_a
Culvert Repair Practices Manual Vol-II
245
0
_c
US Department of Transportation
260
_b
US Department of Transportation
300
_c
30cm
942
_c
REP
999
_c
604988
_d
604988